000 00700nas a2200253 4500
001 BR9212660
003 BR-BrBNA
005 20231205095307.0
007 ta
008 230509b bl.|||p| |||| 00| 00por d
040 _aBR-BrBNA
_bpor
_cBiblioteca Nacional de Agricultura
041 _a(Pt)
072 _aF01
100 1 _aGiovannini, E.
245 1 _aA utilizacao de ervilhaca nos vinhedos gauchos
650 _aErvilhaca
650 _aPlantio
650 _aSolo
650 _aControle Cultural
650 _aPratico
773 0 _tTrigo e Soja (Brazil)
_xISSN 0100-5456
_g(Nov-Dec 1987), (no. 94) p. 14-15
_wBR9212660
909 _a202311
_bLúcia
_c55
_dLúcia Elande
942 _2AGRIS
_n0
_cANA
999 _c149869
_d149869